[Event "Ille et Vilaine-ch 1112"]
[Site "Ile et Vilaine"]
[Date "2011.10.08"]
[Round "1.2"]
[White "Le Duigou, Jean Guy"]
[Black "Duclau, Patrick"]
[Result "1-0"]
[WhiteElo "2007"]
[BlackElo "1590"]
[PlyCount "101"]
[EventDate "2012.10.??"]
[EventType "swiss"]
[EventRounds "7"]
[EventCountry "FRA"]
[SourceTitle "EXT 2014"]
[Source "ChessBase"]
[SourceDate "2013.11.20"]
[SourceVersion "1"]
[SourceVersionDate "2013.11.20"]
[SourceQuality "1"]

1. c4 e5 2. Nc3 Nc6 3. g3 Nf6 4. Bg2 Bc5 5. e3 0-0 6. Nge2 Re8 7. 0-0 a6 8. a3 Ne7 9. d4 exd4 10. exd4 Ba7 11. Bg5 Ng6 12. Nd5 Re6 13. Nec3 h6 14. Nxf6+ Rxf6 15. Bxf6 Qxf6 16. c5 d6 17. Ne4 Qd8 18. b4 d5 19. Nc3 c6 20. Re1 Be6 21. a4 Bb8 22. b5 axb5 23. axb5 Rxa1 24. Qxa1 cxb5 25. Nxb5 Bd7 26. Nc3 Bc6 27. Qa2 Ne7 28. Qe2 Kf8 29. Qh5 Bc7 30. Qd1 Ba5 31. Qb3 Nf5 32. Rd1 Ne7 33. Ra1 b6 34. Qa3 Bxc3 35. Qxc3 bxc5 36. Qxc5 Qc8 37. Re1 Qd7 38. Rxe7 Qxe7 39. Qxc6 Qe1+ 40. Bf1 Qe6 41. Qxe6 fxe6 42. f4 Kf7 43. Kf2 Kf6 44. Kf3 g5 45. Bd3 h5 46. h4 g4+ 47. Ke3 Kf7 48. f5 Kf6 49. fxe6 Kxe6 50. Bg6 Kf6 51. Bxh5 1-0